[Event "17. European Team Championship 2009"]
[Site "Novi Sad SRB"]
[Date "2009.10.28"]
[Round "7.44"]
[White "Avrukh, Boris"]
[Black "Ruck, Robert"]
[Result "1/2-1/2"]
[WhiteElo "2668"]
[BlackElo "2548"]
[PlyCount "116"]
[EventDate "2009.10.22"]
[EventType "team"]
[EventRounds "9"]
[EventCountry "SER"]
[Source "lmi"]
[SourceDate "2009.10.22"]

1. d4 Nf6 2. c4 g6 3. Nc3 d5 4. Bg5 Ne4 5. Bh4 Nxc3 6. bxc3 c5 7. cxd5 Qxd5 8.
e3 cxd4 9. Qxd4 Qxd4 10. cxd4 e6 11. Bd3 Be7 12. Bxe7 Kxe7 13. Rb1 Nd7 14. Rc1
Nf6 15. Nf3 Bd7 16. Ne5 Rhc8 17. Rb1 Rc7 18. Nxd7 Kxd7 19. Kd2 Rac8 20. Rb3 Ne8
21. Rhb1 Nd6 22. a4 b6 23. Ke2 Rc1 24. Kd2 R1c7 25. Rb4 Nc4+ 26. Kd1 Kd6 27.
Ra1 e5 28. dxe5+ Nxe5 29. Ba6 Rd8 30. Rd4+ Ke7 31. Rxd8 Kxd8 32. Ra2 Ke7 33.
Ke2 f5 34. Bb5 Nf7 35. a5 Nd6 36. axb6 axb6 37. Bd3 b5 38. Rb2 Rb7 39. Rb4 Ke6
40. Bc2 Kd5 41. Bb3+ Kc5 42. Rd4 Ra7 43. g4 fxg4 44. Rxg4 Nc4 45. Rg5+ Kb4 46.
Bc2 Ra2 47. Kd3 Na3 48. Rg4+ Kc5 49. Rg5+ Kb6 50. Bb3 Rxf2 51. h4 Rh2 52. Rg4
Nb1 53. Bg8 Rd2+ 54. Ke4 Rd7 55. Ke5 Nd2 56. Kf6 Kc5 57. e4 Kd4 58. e5+ Ne4+
1/2-1/2

[Event "17. European Team Championship 2009"]
[Site "Novi Sad SRB"]
[Date "2009.10.28"]
[Round "7.53"]
[White "Macieja, Bartlomiej"]
[Black "Edouard, Romain"]
[Result "1-0"]
[WhiteElo "2618"]
[BlackElo "2620"]
[PlyCount "129"]
[EventDate "2009.10.22"]
[EventType "team"]
[EventRounds "9"]
[EventCountry "SER"]
[Source "lmi"]
[SourceDate "2009.10.22"]

1. c4 c5 2. Nf3 Nc6 3. d4 cxd4 4. Nxd4 Nf6 5. Nc3 e6 6. a3 Be7 7. e4 O-O 8. Nf3
Qc7 9. Bd3 Rd8 10. O-O b6 11. Re1 d6 12. Bf4 Ne5 13. h3 Ba6 14. Nb5 Qb8 15. Bf1
Bb7 16. Nd2 a6 17. Nc3 Bc6 18. b4 Ng6 19. Bg3 Nd7 20. Nb3 Qa7 21. Qc2 Rac8 22.
Rad1 Nf6 23. Qe2 Bb7 24. Qe3 Ba8 25. Na4 Rb8 26. f3 h6 27. Bf2 Nd7 28. f4 Qc7
29. Nd4 Bf6 30. g3 Ne7 31. Rd2 e5 32. fxe5 Bg5 33. exd6 Qxd6 34. Nf3 Qxd2 35.
Nxd2 Bxe3 36. Bxe3 b5 37. cxb5 axb5 38. Nc3 Ne5 39. Be2 Bc6 40. Nb3 Bd7 41. Bc5
N7g6 42. Nd4 Bxh3 43. Ncxb5 Ra8 44. Ra1 Bg4 45. Bxg4 Nxg4 46. a4 Nf6 47. Nd6
Ne5 48. a5 Nfd7 49. N4b5 Nxc5 50. bxc5 Nc6 51. a6 Na7 52. Nxa7 Rxa7 53. Nb5
Raa8 54. c6 Rdc8 55. c7 Kf8 56. a7 Ke7 57. Ra6 Kd7 58. Rd6+ Ke7 59. e5 h5 60.
Kg2 f6 61. exf6+ gxf6 62. Rd1 Rg8 63. Kf3 Rg5 64. Rd8 Rg8 65. Nd4 1-0

[Event "17. European Team Championship 2009"]
[Site "Novi Sad SRB"]
[Date "2009.10.28"]
[Round "7.54"]
[White "Feller, Sebastien"]
[Black "Bartel, Mateusz"]
[Result "1/2-1/2"]
[WhiteElo "2570"]
[BlackElo "2609"]
[PlyCount "54"]
[EventDate "2009.10.22"]
[EventType "team"]
[EventRounds "9"]
[EventCountry "SER"]
[Source "lmi"]
[SourceDate "2009.10.22"]

1. d4 f5 2. c4 Nf6 3. Nc3 d6 4. Bg5 Nbd7 5. e3 g6 6. Nge2 e5 7. Qc2 Bg7 8.
O-O-O O-O 9. h3 exd4 10. Nxd4 Ne5 11. Bh4 c6 12. f3 Qe8 13. Be2 Be6 14. Nxe6
Qxe6 15. g4 fxg4 16. hxg4 Nxf3 17. Bxf6 Bxf6 18. Ne4 Ng5 19. Nxd6 Qxe3+ 20. Kb1
Rad8 21. c5 b6 22. cxb6 axb6 23. Bc4+ Kg7 24. Qh2 h5 25. gxh5 Qe5 26. hxg6 Qxh2
27. Rxh2 Be7 1/2-1/2

[Event "17. European Team Championship 2009"]
[Site "Novi Sad SRB"]
[Date "2009.10.28"]
[Round "7.63"]
[White "Vuckovic, Bojan"]
[Black "L'Ami, Erwin"]
[Result "1-0"]
[WhiteElo "2600"]
[BlackElo "2606"]
[PlyCount "115"]
[EventDate "2009.10.22"]
[EventType "team"]
[EventRounds "9"]
[EventCountry "SER"]
[Source "lmi"]
[SourceDate "2009.10.22"]

1. e4 c6 2. d4 d5 3. Nc3 dxe4 4. Nxe4 Bf5 5. Ng3 Bg6 6. h4 h6 7. Nf3 Nd7 8. h5
Bh7 9. Bd3 Bxd3 10. Qxd3 e6 11. Bf4 Qa5+ 12. Bd2 Bb4 13. c3 Be7 14. c4 Qc7 15.
O-O-O Ngf6 16. Rhe1 b5 17. cxb5 cxb5+ 18. Kb1 O-O 19. Nf5 Rfe8 20. Nxe7+ Rxe7
21. Qxb5 Rb8 22. Qa6 Nxh5 23. Rc1 Qb6 24. Rc8+ Re8 25. Qxb6 axb6 26. Rxe8+ Rxe8
27. Ne5 Nhf6 28. Nxd7 Nxd7 29. d5 Nf6 30. dxe6 fxe6 31. a4 Nd5 32. Kc2 Kf7 33.
b4 Ke7 34. Kb3 Kd7 35. Rc1 Rf8 36. f3 g5 37. a5 bxa5 38. bxa5 Rb8+ 39. Ka3 Nf4
40. Bxf4 gxf4 41. Rc4 e5 42. a6 Ra8 43. Ra4 Ra7 44. Kb4 Kc8 45. Kc5 Kb8 46. Kd6
Rg7 47. Kxe5 Rxg2 48. Rxf4 Ka7 49. Rh4 Kxa6 50. Rxh6+ Kb7 51. f4 Kc7 52. f5 Kd7
53. Re6 Rf2 54. Kf6 Rf1 55. Re2 Rf3 56. Kg6 Rg3+ 57. Kf7 Rf3 58. f6 1-0

[Event "17. European Team Championship 2009"]
[Site "Novi Sad SRB"]
[Date "2009.10.28"]
[Round "7.71"]
[White "Shirov, Alexei"]
[Black "Papaioannou, Ioannis"]
[Result "1-0"]
[WhiteElo "2730"]
[BlackElo "2628"]
[PlyCount "89"]
[EventDate "2009.10.22"]
[EventType "team"]
[EventRounds "9"]
[EventCountry "SER"]
[Source "lmi"]
[SourceDate "2009.10.22"]

1. e4 c5 2. Nf3 d6 3. d4 cxd4 4. Nxd4 Nf6 5. Nc3 a6 6. Bg5 e6 7. f4 Qc7 8. Qf3
b5 9. Bxf6 gxf6 10. O-O-O b4 11. Nce2 h5 12. Ng3 h4 13. Nh5 Nd7 14. g4 Bb7 15.
Qe2 O-O-O 16. h3 Kb8 17. Kb1 Rc8 18. Rh2 Be7 19. Qe1 Qb6 20. f5 e5 21. Nb3 Rc7
22. Qxh4 Bxe4 23. Qe1 d5 24. Ng3 Bf3 25. Be2 Bxe2 26. Qxe2 Rhc8 27. Rxd5 Qg1+
28. Nf1 Rxc2 29. Qxc2 Rxc2 30. Rxc2 Nb6 31. Rd1 Nc8 32. Na5 Na7 33. Rdc1 Bd8
34. Nc6+ Nxc6 35. Rxc6 Qd4 36. R6c4 Qd3+ 37. Ka1 Ba5 38. h4 e4 39. h5 e3 40. h6
e2 41. Ne3 Qxe3 42. h7 e1=Q 43. h8=Q+ Ka7 44. Qc8 Q1d2 45. Rc7+ 1-0

[Event "17. European Team Championship 2009"]
[Site "Novi Sad SRB"]
[Date "2009.10.28"]
[Round "7.73"]
[White "Lopez Martinez, Josep Manuel"]
[Black "Halkias, Stelios"]
[Result "1/2-1/2"]
[WhiteElo "2570"]
[BlackElo "2570"]
[PlyCount "198"]
[EventDate "2009.10.22"]
[EventType "team"]
[EventRounds "9"]
[EventCountry "SER"]
[Source "lmi"]
[SourceDate "2009.10.22"]

1. e4 e5 2. Nf3 Nc6 3. Bb5 a6 4. Ba4 Nf6 5. O-O Bc5 6. c3 b5 7. Bb3 d6 8. a4
Rb8 9. d4 Bb6 10. a5 Ba7 11. h3 Bb7 12. Re1 Ne7 13. Bc2 Ng6 14. Nbd2 O-O 15.
Nf1 Re8 16. Ng3 d5 17. Nxe5 Nxe4 18. Nf3 c5 19. dxc5 Bxc5 20. Be3 Bxe3 21. Rxe3
Qc7 22. Ne2 Rbd8 23. Ned4 Nf4 24. Qf1 Rd6 25. Ne2 Ne6 26. Nfd4 Nxd4 27. Nxd4
Rf8 28. Qe1 Rf6 29. f3 Nd6 30. Qg3 b4 31. cxb4 Qc4 32. Rd1 Qxb4 33. Qe1 Qc4 34.
b3 Qc5 35. Qc3 Qa7 36. Kh1 Ba8 37. Qe1 Rf4 38. Re7 Qc5 39. b4 Qc8 40. Qe5 Rf6
41. Bd3 Qb8 42. Rb1 Qc8 43. Qe1 Rf4 44. Qe3 Rh4 45. Qf2 Rh6 46. Qe1 Nc4 47. Rc1
Qd8 48. Rc2 Bc6 49. Rce2 Ba4 50. Qg3 Qd6 51. Qe1 Qf6 52. Nf5 Rh5 53. Ng3 Rxh3+
54. gxh3 Qxf3+ 55. Kh2 Qxd3 56. Qf2 Qg6 57. Nf5 Nd6 58. R7e5 Nxf5 59. Qxf5 Qd6
60. Qf4 d4 61. R5e4 Qxf4+ 62. Rxf4 d3 63. Rd2 Bb5 64. Rf5 Rb8 65. Kg3 g6 66.
Rc5 Kg7 67. Kf4 h6 68. Ke5 Rb7 69. Kd4 Rd7+ 70. Kc3 g5 71. Rxb5 axb5 72. Rxd3
Rc7+ 73. Kb3 Kg6 74. Rd5 f5 75. Rxb5 f4 76. Rb6+ Kf5 77. Rd6 f3 78. Rd1 h5 79.
b5 g4 80. hxg4+ hxg4 81. a6 Ra7 82. Kc4 g3 83. Kc5 g2 84. b6 Rd7 85. Rxd7 g1=Q+
86. Kc6 Ke6 87. Rd6+ Ke7 88. Rd7+ Ke6 89. Rd6+ Ke7 90. Rd7+ Ke8 91. a7 Qc1+ 92.
Kb7 Kxd7 93. a8=Q Qc6+ 94. Ka7 Qa4+ 95. Kb8 Qf4+ 96. Ka7 f2 97. Qb7+ Kd8 98.
Qd5+ Ke7 99. Qc5+ Kf7 1/2-1/2

[Event "17. European Team Championship 2009"]
[Site "Novi Sad SRB"]
[Date "2009.10.28"]
[Round "7.74"]
[White "Mastrovasilis, Athanasios"]
[Black "Salgado Lopez, Ivan"]
[Result "1/2-1/2"]
[WhiteElo "2519"]
[BlackElo "2555"]
[PlyCount "87"]
[EventDate "2009.10.22"]
[EventType "team"]
[EventRounds "9"]
[EventCountry "SER"]
[Source "lmi"]
[SourceDate "2009.10.22"]

1. c4 e5 2. Nc3 Nf6 3. g3 c6 4. d4 d6 5. Bg2 Be7 6. e4 O-O 7. Nge2 Bg4 8. O-O
a5 9. Be3 Na6 10. h3 Bxe2 11. Qxe2 exd4 12. Bxd4 Nd7 13. Rad1 Nac5 14. f4 a4
15. h4 Qa5 16. Bh3 Rad8 17. e5 dxe5 18. fxe5 Nb6 19. e6 f6 20. Bf5 g6 21. Qg4
Kh8 22. Bxg6 hxg6 23. Qxg6 Nxe6 24. Rf5 Qxf5 25. Qxf5 Nxd4 26. Qh5+ Kg7 27.
Qg4+ Kh6 28. Rxd4 Bc5 29. Qf4+ Kg7 30. Qg4+ Kh6 31. Qf4+ Kg7 32. Qg4+ Kh6 33.
Ne2 Rxd4 34. Nxd4 Rd8 35. h5 Bxd4+ 36. Kg2 Kh7 37. b3 axb3 38. axb3 Nc8 39. Kh3
Be5 40. Qg6+ Kh8 41. Qh6+ Kg8 42. Qg6+ Kh8 43. Qh6+ Kg8 44. Qg6+ 1/2-1/2

[Event "17. European Team Championship 2009"]
[Site "Novi Sad SRB"]
[Date "2009.10.28"]
[Round "7.83"]
[White "Conquest, Stuart C"]
[Black "Jenni, Florian"]
[Result "1/2-1/2"]
[WhiteElo "2563"]
[BlackElo "2500"]
[PlyCount "101"]
[EventDate "2009.10.22"]
[EventType "team"]
[EventRounds "9"]
[EventCountry "SER"]
[Source "lmi"]
[SourceDate "2009.10.22"]

1. e4 e5 2. Nc3 Nf6 3. g3 Bc5 4. Bg2 d6 5. Nge2 Nc6 6. Na4 Be6 7. d3 Qd7 8. h3
a5 9. f4 Qe7 10. Nxc5 dxc5 11. O-O h6 12. Be3 Rd8 13. Qe1 b6 14. Qf2 Nh7 15.
fxe5 Nxe5 16. Nf4 O-O 17. a3 a4 18. Rad1 Bc8 19. Nd5 Qd6 20. Qe2 Ng6 21. Kh2
Be6 22. c4 Bxd5 23. cxd5 Rde8 24. Qc2 f5 25. Qxa4 fxe4 26. dxe4 Nf6 27. Rf5 Re5
28. Rdf1 Rfe8 29. Rxe5 Qxe5 30. Qc6 Kh7 31. Rf5 Qe7 32. Bf4 Nxe4 33. Bxc7 Rc8
34. d6 Nxd6 35. Bxd6 Rxc6 36. Bxe7 Nxe7 37. Re5 Rc7 38. Re6 Nc8 39. h4 Kg8 40.
Bd5 Kf8 41. Bc4 Rd7 42. Rc6 Rd2+ 43. Kh3 Nd6 44. Bf1 b5 45. Rxc5 Rxb2 46. Kg4
Rb3 47. Rd5 Ne4 48. Kf4 Nxg3 49. Bxb5 Rxa3 50. Bd3 Nh5+ 51. Rxh5 1/2-1/2

[Event "17. European Team Championship 2009"]
[Site "Novi Sad SRB"]
[Date "2009.10.28"]
[Round "7.101"]
[White "Miladinovic, Igor"]
[Black "Istratescu, Andrei"]
[Result "1/2-1/2"]
[WhiteElo "2547"]
[BlackElo "2624"]
[PlyCount "35"]
[EventDate "2009.10.22"]
[EventType "team"]
[EventRounds "9"]
[EventCountry "SER"]
[Source "lmi"]
[SourceDate "2009.10.22"]

1. d4 d5 2. Bf4 c6 3. e3 Nf6 4. c4 g6 5. Nc3 Bg7 6. Nf3 O-O 7. Qb3 Qa5 8. Be2
Nbd7 9. Nd2 Nh5 10. Bxh5 dxc4 11. Qd1 gxh5 12. Nxc4 Qa6 13. Qe2 Nb6 14. Nxb6
Qxe2+ 15. Nxe2 axb6 16. Bc7 Ra6 17. Nf4 h4 18. Nh5 1/2-1/2

[Event "17. European Team Championship 2009"]
[Site "Novi Sad SRB"]
[Date "2009.10.28"]
[Round "7.104"]
[White "Nevednichy, Vladislav"]
[Black "Roganovic, Milos"]
[Result "1/2-1/2"]
[WhiteElo "2601"]
[BlackElo "2474"]
[PlyCount "44"]
[EventDate "2009.10.22"]
[EventType "team"]
[EventRounds "9"]
[EventCountry "SER"]
[Source "lmi"]
[SourceDate "2009.10.22"]

1. e4 e5 2. Nf3 Nc6 3. Bc4 Nf6 4. d3 Bc5 5. c3 O-O 6. O-O d5 7. exd5 Nxd5 8. h3
Nb6 9. Bb3 Bf5 10. Bc2 Re8 11. Ng5 Bg6 12. Ne4 Be7 13. Nbd2 Qd7 14. Nf3 Rad8
15. Re1 h6 16. a4 a5 17. Qe2 Nd5 18. Qf1 Bh5 19. Nh2 Bg6 20. Nf3 Bh5 21. Nh2
Bg6 22. Nf3 Bh5 1/2-1/2

[Event "17. European Team Championship 2009"]
[Site "Novi Sad SRB"]
[Date "2009.10.28"]
[Round "7.113"]
[White "Lenic, Luka"]
[Black "Elsness, Frode"]
[Result "1-0"]
[WhiteElo "2575"]
[BlackElo "2458"]
[PlyCount "68"]
[EventDate "2009.10.22"]
[EventType "team"]
[EventRounds "9"]
[EventCountry "SER"]
[Source "lmi"]
[SourceDate "2009.10.22"]

1. Nf3 Nf6 2. c4 g6 3. b4 Bg7 4. Bb2 O-O 5. e3 c6 6. d4 d5 7. Nbd2 Ne4 8. Be2
Bg4 9. Nxe4 dxe4 10. Nd2 Bxe2 11. Qxe2 e5 12. dxe5 Qe7 13. c5 Bxe5 14. Bxe5
Qxe5 15. O-O Nd7 16. Nc4 Qe7 17. Nd6 a5 18. a3 b5 19. Qc2 f5 20. a4 bxa4 21.
Rxa4 axb4 22. Qa2+ b3 23. Qxb3+ Kg7 24. Rxa8 Rxa8 25. Qb7 Rd8 26. Rd1 Kf8 27.
Qa6 Ne5 28. Qa5 Nf7 29. h3 h5 30. Rd4 Nxd6 31. cxd6 Qf7 32. Qe5 Qg7 33. Qc5 Qc7
34. h4 Rc8 1-0

[Event "17. European Team Championship 2009"]
[Site "Novi Sad SRB"]
[Date "2009.10.28"]
[Round "7.114"]
[White "Thomassen, Joachim"]
[Black "Borisek, Jure"]
[Result "1/2-1/2"]
[WhiteElo "2332"]
[BlackElo "2575"]
[PlyCount "60"]
[EventDate "2009.10.22"]
[EventType "team"]
[EventRounds "9"]
[EventCountry "SER"]
[Source "lmi"]
[SourceDate "2009.10.22"]

1. d4 Nf6 2. c4 g6 3. Nc3 d5 4. Bf4 Bg7 5. e3 c5 6. dxc5 Qa5 7. Rc1 dxc4 8.
Bxc4 O-O 9. Nf3 Qxc5 10. Bb3 Qa5 11. O-O Nc6 12. h3 Qa6 13. Ne5 Nxe5 14. Bxe5
Be6 15. Bd4 Rfc8 16. Bxe6 Qxe6 17. Qa4 a6 18. Qb4 b5 19. b3 Rc6 20. a4 bxa4 21.
Nxa4 Nd5 22. Qd2 Rac8 23. Bxg7 Kxg7 24. Rfd1 Nf6 25. b4 Qf5 26. Rxc6 Rxc6 27.
Nc5 a5 28. Nd3 axb4 29. Nxb4 Rd6 30. Qe1 Rd7 1/2-1/2

[Event "17. European Team Championship 2009"]
[Site "Novi Sad SRB"]
[Date "2009.10.28"]
[Round "7.131"]
[White "Haznedaroglu, Kivanc"]
[Black "Ragger, Markus"]
[Result "1/2-1/2"]
[WhiteElo "2499"]
[BlackElo "2561"]
[PlyCount "95"]
[EventDate "2009.10.22"]
[EventType "team"]
[EventRounds "9"]
[EventCountry "SER"]
[Source "lmi"]
[SourceDate "2009.10.22"]

1. e4 c5 2. Nf3 d6 3. d4 cxd4 4. Nxd4 Nf6 5. Nc3 a6 6. Bg5 Nbd7 7. f4 e5 8. Nb3
Be7 9. Be2 h6 10. Bxf6 Nxf6 11. f5 O-O 12. Qd3 b5 13. O-O-O Bb7 14. Kb1 Re8 15.
Bf3 a5 16. Nd5 Bxd5 17. exd5 a4 18. Nd2 e4 19. Nxe4 Nxe4 20. Bxe4 a3 21. b3 Bf6
22. Rhe1 b4 23. Bf3 Rxe1 24. Rxe1 Bc3 25. Re4 Qf6 26. Kc1 Ba1 27. Qe3 Kh7 28.
Re8 Bd4 29. Qe7 Rxe8 30. Qxe8 Be5 31. Kd1 Bxh2 32. Qe4 Bg3 33. Ke2 Qc3 34. Bh5
Qe1+ 35. Kd3 Qc3+ 36. Ke2 Qe1+ 37. Kd3 Qf1+ 38. Be2 Qa1 39. Kc4 Qc3+ 40. Kb5
Qc5+ 41. Ka4 Qa7+ 42. Kb5 Be1 43. c3 Qc5+ 44. Ka4 Qa7+ 45. Kb5 Qc5+ 46. Ka4
Qa7+ 47. Kb5 Qb7+ 48. Ka4 1/2-1/2

[Event "17. European Team Championship 2009"]
[Site "Novi Sad SRB"]
[Date "2009.10.28"]
[Round "7.132"]
[White "Shengelia, David"]
[Black "Esen, Baris"]
[Result "1/2-1/2"]
[WhiteElo "2560"]
[BlackElo "2494"]
[PlyCount "109"]
[EventDate "2009.10.22"]
[EventType "team"]
[EventRounds "9"]
[EventCountry "SER"]
[Source "lmi"]
[SourceDate "2009.10.22"]

1. Nf3 d5 2. d4 Nf6 3. c4 c6 4. e3 Bf5 5. Nc3 e6 6. Nh4 Be4 7. f3 Bg6 8. Qb3
Qc7 9. Bd2 Be7 10. Nxg6 hxg6 11. O-O-O dxc4 12. Bxc4 b5 13. Bf1 a6 14. e4 c5
15. d5 c4 16. Qc2 e5 17. g4 Nfd7 18. Be3 Nc5 19. h4 Nbd7 20. Kb1 Bd6 21. h5 Nb6
22. Be2 g5 23. Rc1 f6 24. Bf2 Nb7 25. Nd1 Bc5 26. Bxc5 Qxc5 27. Qd2 Nd6 28. Ne3
Kf7 29. Rc2 a5 30. Qc1 Rac8 31. Qd2 Na4 32. Rhc1 Qb6 33. Nf5 Nc5 34. Nxd6+ Qxd6
35. Qxa5 Rb8 36. Bxc4 bxc4 37. Rxc4 Nd7 38. Rc7 Rhd8 39. R1c6 Qb4 40. Qxb4 Rxb4
41. Kc2 Ke7 42. Re6+ Kf8 43. a3 Ra4 44. Rec6 Ke7 45. Rb7 Ke8 46. Kc3 Ke7 47.
Kb3 Rd4 48. a4 Rd3+ 49. Ka2 Rxf3 50. a5 Rf4 51. a6 Rxe4 52. b4 Re2+ 53. Kb3 Re1
54. a7 Re4 55. Kb2 1/2-1/2

[Event "17. European Team Championship 2009"]
[Site "Novi Sad SRB"]
[Date "2009.10.28"]
[Round "7.133"]
[White "Erdogdu, Mert"]
[Black "Kindermann, Stefan"]
[Result "0-1"]
[WhiteElo "2467"]
[BlackElo "2529"]
[PlyCount "98"]
[EventDate "2009.10.22"]
[EventType "team"]
[EventRounds "9"]
[EventCountry "SER"]
[Source "lmi"]
[SourceDate "2009.10.22"]

1. e4 e6 2. d4 d5 3. Nc3 Nf6 4. Bg5 Bb4 5. e5 h6 6. Be3 Ne4 7. Qg4 g6 8. a3
Bxc3+ 9. bxc3 c5 10. Bd3 h5 11. Qf4 g5 12. Qf3 Nxc3 13. dxc5 d4 14. Bd2 Nc6 15.
Qf6 Qxf6 16. exf6 Na4 17. Bxg5 Nxc5 18. Nf3 Nxd3+ 19. cxd3 b6 20. Rc1 Bb7 21.
h4 Rd8 22. Ke2 Rd5 23. Rc4 Kd7 24. Rhc1 Rc8 25. Bd2 Ba6 26. R4c2 e5 27. Ne1 e4
28. Bg5 Ra5 29. Kd2 Rxa3 30. dxe4 Nb4 31. Rxc8 Bxc8 32. Rc4 Ra2+ 33. Kc1 Ra1+
34. Kd2 Ra2+ 35. Kc1 Ra1+ 36. Kd2 Nc6 37. Nc2 Rf1 38. Nxd4 Ne5 39. Rc3 Rxf2+
40. Ke1 Rxg2 41. Ne2 Ba6 42. Nf4 Ra2 43. Nxh5 Nd3+ 44. Kd1 Bb5 45. Bd2 Nf2+ 46.
Kc1 Rxd2 47. Kxd2 Nxe4+ 48. Kc2 Nxc3 49. Kxc3 Ke6 0-1

[Event "17. European Team Championship 2009"]
[Site "Novi Sad SRB"]
[Date "2009.10.28"]
[Round "7.134"]
[White "Neubauer, Martin"]
[Black "Firat, Burak"]
[Result "1/2-1/2"]
[WhiteElo "2448"]
[BlackElo "2365"]
[PlyCount "67"]
[EventDate "2009.10.22"]
[EventType "team"]
[EventRounds "9"]
[EventCountry "SER"]
[Source "lmi"]
[SourceDate "2009.10.22"]

1. d4 d5 2. c4 c6 3. Nf3 Nf6 4. e3 a6 5. Bd3 Bg4 6. Qb3 Bxf3 7. gxf3 Qc7 8.
cxd5 cxd5 9. Nc3 e6 10. e4 Nc6 11. Be3 Bb4 12. O-O-O O-O 13. Kb1 Rfd8 14. e5
Nh5 15. Ne2 g6 16. h4 Be7 17. Rc1 f6 18. Qc2 f5 19. Ng3 Kh8 20. Qd2 Rg8 21. Be2
Nxg3 22. fxg3 Qb6 23. g4 f4 24. Bf2 Rgf8 25. Rh2 Rac8 26. Bf1 Qb4 27. Rc2 Qxd2
28. Rxd2 Na5 29. Bd3 Nc4 30. Rc2 Ne3 31. Rxc8 Rxc8 32. h5 g5 33. Bxe3 fxe3 34.
Rc2 1/2-1/2

[Event "17. European Team Championship 2009"]
[Site "Novi Sad SRB"]
[Date "2009.10.28"]
[Round "7.142"]
[White "Stojanovic, Dalibor"]
[Black "Malisauskas, Vidmantas"]
[Result "1/2-1/2"]
[WhiteElo "2469"]
[BlackElo "2483"]
[PlyCount "77"]
[EventDate "2009.10.22"]
[EventType "team"]
[EventRounds "9"]
[EventCountry "SER"]
[Source "lmi"]
[SourceDate "2009.10.22"]

1. e4 c6 2. d4 d5 3. Nd2 dxe4 4. Nxe4 Bf5 5. Ng3 Bg6 6. Nh3 Nf6 7. Nf4 e5 8.
Nxg6 hxg6 9. Be3 Nbd7 10. Qd2 exd4 11. Bxd4 Bc5 12. O-O-O O-O 13. h4 Qb6 14. h5
Bxd4 15. Qxd4 Qxd4 16. Rxd4 gxh5 17. Nxh5 Rfd8 18. Bd3 Nxh5 19. Rxh5 Nf6 20.
Rxd8+ Rxd8 21. Ra5 a6 22. Re5 Kf8 23. a4 Ng4 24. Re2 a5 25. f3 Nf6 26. Re5 Rd5
27. Re2 Rd4 28. b3 Nd5 29. g3 g6 30. Re5 b6 31. Bc4 Ne7 32. Bd3 Rd5 33. Rxd5
Nxd5 34. Bc4 Ne7 35. Kd2 Ke8 36. Ke3 g5 37. Kd4 f6 38. c3 Kd7 39. b4 1/2-1/2

[Event "17. European Team Championship 2009"]
[Site "Novi Sad SRB"]
[Date "2009.10.28"]
[Round "7.143"]
[White "Cmilyte, Viktorija"]
[Black "Bogut, Zeljko"]
[Result "1-0"]
[WhiteElo "2477"]
[BlackElo "2442"]
[PlyCount "74"]
[EventDate "2009.10.22"]
[EventType "team"]
[EventRounds "9"]
[EventCountry "SER"]
[Source "lmi"]
[SourceDate "2009.10.22"]

1. d4 e6 2. c4 c5 3. d5 Nf6 4. Nc3 exd5 5. cxd5 d6 6. e4 g6 7. Nge2 Bg7 8. Ng3
O-O 9. Be2 h5 10. Bg5 Qb6 11. Qd2 Nh7 12. Bf4 h4 13. Nf1 g5 14. Be3 f5 15. exf5
Bxf5 16. h3 Nd7 17. Nh2 Ne5 18. O-O Rae8 19. Bb5 Rb8 20. b4 Nc4 21. Bxc4 Qxb4
22. Nb5 Qxc4 23. Nxd6 Qd3 24. Rad1 Qxd2 25. Rxd2 b6 26. Nf3 Rbd8 27. Nxf5 Rxf5
28. d6 Rd7 29. a4 Kf7 30. Rb1 Bc3 31. Rc2 Ba5 32. Rd1 Rf6 33. Ne5+ Ke6 34. Nc4
Bb4 35. Re2 Kf5 36. Bc1 Bc3 37. Re3 Rd8 1-0

[Event "17. European Team Championship 2009"]
[Site "Novi Sad SRB"]
[Date "2009.10.28"]
[Round "7.144"]
[White "Galic, Ivan"]
[Black "Sarakauskas, Gediminas"]
[Result "1/2-1/2"]
[WhiteElo "2378"]
[BlackElo "2424"]
[PlyCount "21"]
[EventDate "2009.10.22"]
[EventType "team"]
[EventRounds "9"]
[EventCountry "SER"]
[Source "lmi"]
[SourceDate "2009.10.22"]

1. e4 e5 2. Nf3 Nc6 3. Bb5 Nf6 4. O-O Nxe4 5. Qe2 Nd6 6. Bxc6 bxc6 7. Qxe5+ Qe7
8. Qa5 Qd8 9. Qe5+ Qe7 10. Qa5 Qd8 11. Qe5+ 1/2-1/2

[Event "17. European Team Championship 2009"]
[Site "Novi Sad SRB"]
[Date "2009.10.28"]
[Round "7.151"]
[White "Hautot, Stephane"]
[Black "Stevic, Hrvoje"]
[Result "0-1"]
[WhiteElo "2420"]
[BlackElo "2624"]
[PlyCount "70"]
[EventDate "2009.10.22"]
[EventType "team"]
[EventRounds "9"]
[EventCountry "SER"]
[Source "lmi"]
[SourceDate "2009.10.22"]

1. e4 c5 2. Nf3 e6 3. d4 cxd4 4. Nxd4 Nf6 5. Nc3 d6 6. Be3 Nc6 7. f3 a6 8. Qd2
Be7 9. O-O-O O-O 10. g4 Nxd4 11. Bxd4 b5 12. g5 Nd7 13. h4 Qc7 14. Kb1 b4 15.
Na4 Bb7 16. b3 Bc6 17. Nb2 a5 18. g6 fxg6 19. h5 Ne5 20. hxg6 h6 21. Bh3 Rf6
22. Qe3 a4 23. f4 axb3 24. axb3 Qa5 25. Kc1 Rxg6 26. Nd3 Nxd3+ 27. Qxd3 Bb5 28.
Qf3 e5 29. Bb2 exf4 30. Bf5 Bf6 31. e5 Bxe5 32. Bxe5 dxe5 33. Bxg6 Be2 34. Qd5+
Qxd5 35. Rxd5 Bf3 0-1

[Event "17. European Team Championship 2009"]
[Site "Novi Sad SRB"]
[Date "2009.10.28"]
[Round "7.154"]
[White "Jankovic, Alojzije"]
[Black "Polaczek, Richard"]
[Result "1-0"]
[WhiteElo "2548"]
[BlackElo "2381"]
[PlyCount "65"]
[EventDate "2009.10.22"]
[EventType "team"]
[EventRounds "9"]
[EventCountry "SER"]
[Source "lmi"]
[SourceDate "2009.10.22"]

1. d4 Nf6 2. c4 e6 3. Nf3 c5 4. d5 b5 5. Bg5 exd5 6. cxd5 d6 7. e4 a6 8. Nfd2
Be7 9. Bf4 O-O 10. a4 b4 11. Bd3 a5 12. O-O Nbd7 13. Nc4 Nb6 14. Nbd2 Nxc4 15.
Bxc4 Nd7 16. Bb5 Nb6 17. Bc6 Ra7 18. Rc1 Bd7 19. Bxd7 Qxd7 20. b3 f5 21. Nc4
Nxc4 22. Rxc4 fxe4 23. Rxe4 Qf5 24. Rfe1 Rf7 25. Bg3 Bf8 26. h3 Rad7 27. f3 Qg5
28. Kh2 Rf5 29. Re8 Rxd5 30. Qe2 Qf5 31. Qa6 Rf7 32. Bxd6 Qd3 33. Bxf8 1-0

[Event "17. European Team Championship 2009"]
[Site "Novi Sad SRB"]
[Date "2009.10.28"]
[Round "7.161"]
[White "Georgiev, Vladimir"]
[Black "Jones, Richard S"]
[Result "1-0"]
[WhiteElo "2537"]
[BlackElo "2321"]
[PlyCount "53"]
[EventDate "2009.10.22"]
[EventType "team"]
[EventRounds "9"]
[EventCountry "SER"]
[Source "lmi"]
[SourceDate "2009.10.22"]

1. d4 Nf6 2. c4 g6 3. Nc3 Bg7 4. e4 O-O 5. Bd3 Nc6 6. Nge2 e5 7. d5 Nd4 8. Nxd4
exd4 9. Ne2 Re8 10. f3 c5 11. O-O d6 12. Bg5 Qc7 13. Ng3 Nd7 14. f4 h6 15. Bh4
Bf6 16. Bxf6 Nxf6 17. h3 Kg7 18. Qf3 a5 19. e5 Nd7 20. Ne4 dxe5 21. f5 Rf8 22.
f6+ Kg8 23. Qg3 Kh7 24. Qh4 Rh8 25. Ng5+ Kg8 26. Bxg6 hxg5 27. Bxf7+ 1-0

[Event "17. European Team Championship 2009"]
[Site "Novi Sad SRB"]
[Date "2009.10.28"]
[Round "7.162"]
[White "Rees, Ioan"]
[Black "Mitkov, Nikola"]
[Result "0-1"]
[WhiteElo "2336"]
[BlackElo "2525"]
[PlyCount "82"]
[EventDate "2009.10.22"]
[EventType "team"]
[EventRounds "9"]
[EventCountry "SER"]
[Source "lmi"]
[SourceDate "2009.10.22"]

1. e4 e5 2. Nf3 Nc6 3. Bb5 Nf6 4. O-O Nxe4 5. d4 Nd6 6. Bxc6 dxc6 7. dxe5 Nf5
8. Qxd8+ Kxd8 9. Nc3 Bd7 10. h3 h6 11. b3 Kc8 12. Bb2 Ne7 13. Rad1 c5 14. Rd2
Be6 15. Rfd1 b6 16. Ne2 g5 17. h4 g4 18. Nh2 Kb7 19. Nf4 Rg8 20. Nf1 Nf5 21. g3
a5 22. a4 c4 23. Nxe6 fxe6 24. bxc4 Bc5 25. Rd3 Raf8 26. Ba3 Bxa3 27. Rxa3 Ne7
28. Re3 h5 29. Re4 Rd8 30. Rd3 Nc6 31. Ne3 Nb4 32. Rdd4 Na6 33. Ng2 Nc5 34. Nf4
Rxd4 35. Rxd4 Rh8 36. Kg2 Nxa4 37. Nxe6 Re8 38. Nd8+ Kc8 39. Nf7 Nc5 40. f4
gxf3+ 41. Kxf3 Ne6 0-1